Conception et programmation par objets : Pour du logiciel de qualité
Softcover,clean pages no marks, French language book ,published by Inter Editions 1991,writen by Bertrand Meyer interactive software engineering.
Gardado en:
| Autor Principal: | |
|---|---|
| Formato: | Libro |
| Idioma: | Undetermined |
| Publicado: |
Paris
InterÉditions
1990
|
| Những chủ đề: | |
| Các nhãn: |
Engadir etiqueta
Sen Etiquetas, Sexa o primeiro en etiquetar este rexistro!
|
| Thư viện lưu trữ: | Trung tâm Học liệu Trường Đại học Cần Thơ |
|---|
| LEADER | 00765nam a2200205Ia 4500 | ||
|---|---|---|---|
| 001 | CTU_232705 | ||
| 008 | 210402s9999 xx 000 0 und d | ||
| 082 | |a 005.11 | ||
| 082 | |b M612 | ||
| 100 | |a Meyer, Bertrand | ||
| 245 | 0 | |a Conception et programmation par objets : | |
| 245 | 0 | |b Pour du logiciel de qualité | |
| 245 | 0 | |c Bertrand Meyer | |
| 260 | |a Paris | ||
| 260 | |b InterÉditions | ||
| 260 | |c 1990 | ||
| 520 | |a Softcover,clean pages no marks, French language book ,published by Inter Editions 1991,writen by Bertrand Meyer interactive software engineering. | ||
| 650 | |a Khoa học máy tính. Trí tuệ nhân tạo,Computer science. Artificial intelligence | ||
| 910 | |b dqhieu | ||
| 980 | |a Trung tâm Học liệu Trường Đại học Cần Thơ | ||